|
|
|
|
| LEADER |
00000nab a2200000 a 4500 |
| 001 |
vtls000513778 |
| 003 |
SK-MaSNL |
| 005 |
20260304090438.0 |
| 008 |
250425c1994 xo 0 slo |
| 015 |
|
|
|a SNBRB19rr/mm-uuuuu
|
| 035 |
|
|
|a CL0513916
|
| 035 |
|
|
|a (urnnbn)urn:nbn:sk:snk:ar-0025lt
|
| 035 |
|
|
|a (uuid)26528079-a067-4ed2-8a7f-ed59c58ad35a
|
| 035 |
|
|
|a urn:nbn:sk:snk-ab7qy5
|
| 040 |
|
|
|a SNKBUCL
|b slo
|c SNKBUCL
|e AACR2
|
| 041 |
0 |
|
|a slo
|
| 044 |
|
|
|a xo
|c SK
|
| 080 |
|
|
|a 78.071.2:784.66
|2 1981
|
| 080 |
|
|
|a 784.66
|2 1981
|
| 100 |
1 |
|
|a Kajanová, Yvetta,
|d 1964-
|4 aut
|9 217630
|
| 245 |
1 |
0 |
|a Dave Thompson - Jo-Ann Green: The Cure
|b Knihy z vydavateľstva Champagne Avantgarde
|c Yvetta Lábska
|
| 650 |
0 |
7 |
|a Cure (skupina hudobná)
|2 snkbucl
|9 1381491
|
| 655 |
|
7 |
|a články z novín a časopisov
|2 snkbucl
|9 267496
|
| 700 |
1 |
|
|a Thompson, Dave
|4 aut
|9 626968
|
| 700 |
1 |
|
|a Green, Jo-Ann
|4 aut
|9 1381492
|
| 773 |
0 |
|
|t Slovenská hudba
|g Roč. 20, č. 2 (1994), s. 374
|
| 787 |
0 |
8 |
|i Rec.:
|a Thompson, Dave
|t The Cure
|d Bratislava : Champagne Avantgarde, 1993
|
| 850 |
|
|
|a Slovenská národná knižnica
|
| 852 |
|
|
|a Slovenská národná knižnica
|
| 954 |
|
|
|a odborná, vedecká literatúra pôvodná (slovenská)
|2 lita
|
| 958 |
|
|
|a article9
|
| 958 |
|
|
|a RK
|
| 958 |
|
|
|a GB
|
| 958 |
|
|
|a OND
|
| 958 |
|
|
|a EUIPO
|
| 992 |
|
|
|a RBX
|
| 999 |
|
|
|c 2811495
|d 2813425
|